000 00676nam a2200229Ia 4500
003 OSt
005 20220924142320.0
006 a|||||r|||| 00| 0
007 ta
008 220923b |||||||| |||| 00| 0 ben d
024 _a301437
037 _cTextual
040 _aARTS
_cARTS
_bben
041 _2ben
_aben
082 _aV44Q72:19(zP).N75, 157N4
100 _aUjjamana Hasan
_9213200
245 0 _aIs i agastera samarika abhyuthana mujiba hatya o ;dharabahikata
_b Ekati samprna bhinnadharmi bisleshana
260 _c1994
650 _aHISTORY
942 _hV44Q72:19(zP).N75, 157N4
_cTEXL
_2CC
999 _c450256
_d450256